¿ Dónde dormirás pequeña liebre? / (Registro nro. 12447)

Detalles MARC
000 -LIDER
fixed length control field 00593nam a22001937a 4500
003 - IDENTIFICACDOR DE NÚMERO DE CONTROL
control field DO-SdBNP
005 - DATE AND TIME OF LATEST TRANSACTION
control field 20180215152058.0
008 - ELEMENTOS DE LONGITUD FIJA
fixed length control field 170113b 1999 sp |||| 00| 0 spa d
020 ## - ISBN
International Standard Book Number 844880869X
040 ## - FUENTE DE CATALOGACIÓN
Enlace BPMSU
Campo enlazado y núm. de secuencia spa
Agencia que crea de manera original el registro BPMSU
Agencia que realiza la transcripción dr
100 ## - ASIENTO PRINCIPAL -- NOMBRE PERSONAL
Nombre personal Cain, Sheridan
245 ## - MENCIÓN DE TITULO
Título ¿ Dónde dormirás pequeña liebre? /
Mención de responsabilidad Sheridan Cain ; ilustrado Sally Persy
260 ## - PUBLICACIÓN, DISTRIBUCIÓN, ETC. (PIE DE IMPRENTA)
Lugar de publicación, distribución, etc Barcelona :
Nombre del editor, distribuidor, etc. Ediciones Beascoa,
Fecha de publicación, distribución, etc 1999
300 ## - DESCRIPCIÓN FÍSICA
Extensión [14 p.] :
Otros detalles físicos ils. ;
Dimensiones 23 cm.
700 ## - ASIENTO SECUNDARIO -- NOMBRE PERSONAL
Nombre personal Persy, Sally
Mención de responsabilidad ils
942 ## - ADDED ENTRY ELEMENTS (KOHA)
Source of classification or shelving scheme Dewey Decimal Classification
Koha item type Libros
945 ## - INFORMACIÓN DE PROCESAMIENTO LOCAL
Información de procesamiento local Inventariado, 2018 / BT
956 ## - LOCAL ELECTRONIC LOCATION AND ACCESS (OCLC)
Nombre de host VMATEO
Número de acceso 10
Información de compresión 20170114
Trayectoria BPMSU
Nombre Electrónico 0069
Existencias
Withdrawn status Lost status Source of classification or shelving scheme Damaged status Not for loan Collection code Home library Current library Date acquired Source of acquisition Total Checkouts Barcode Date last seen Price effective from Koha item type
    Dewey Decimal Classification     Colección Infantil General Biblioteca Pública Metropolitana Salomé Ureña Biblioteca Pública Metropolitana Salomé Ureña 01/13/2017 COMPRA   BPMSU17010016 01/13/2017 01/13/2017 Libros